[Event "4NCL/Div3/LIT2 vs. WWKS2"]
[Site "Sunningdale ENG"]
[Date "2008.10.19"]
[Round "2.2"]
[White "Malik, Dani"]
[Black "Jackson, James P"]
[Result "1/2-1/2"]
[WhiteElo "2125"]
[BlackElo "2017"]
[PlyCount "52"]
[EventDate "2008.10.19"]
[SourceDate "2008.10.04"]

1. e4 c5 2. c3 Nf6 3. e5 Nd5 4. d4 cxd4 5. Nf3 Nc6 6. cxd4 d6 7. Bc4 Nb6 8. Bb3
dxe5 9. d5 Na5 10. Nc3 Nxb3 11. Qxb3 g6 12. Nxe5 Bg7 13. Bf4 O-O 14. O-O Nd7
15. Rfe1 Nxe5 16. Bxe5 b6 17. Bxg7 Kxg7 18. Qb4 Re8 19. d6 exd6 20. Qd4+ f6 21.
Nb5 Re6 22. Rac1 Qe7 23. Red1 Re5 24. Nc7 Rb8 25. Nd5 Qe6 26. Nc7 Qe7 1/2-1/2

[Event "4NCL/Div3/LIT2 vs. WWKS2"]
[Site "Sunningdale ENG"]
[Date "2008.10.19"]
[Round "2.3"]
[White "Gibson, Christopher A"]
[Black "Fallowfield, Jeremy"]
[Result "1/2-1/2"]
[WhiteElo "1949"]
[BlackElo "2006"]
[PlyCount "45"]
[EventDate "2008.10.19"]
[SourceDate "2008.10.04"]

1. d4 Nf6 2. c4 e5 3. dxe5 Ng4 4. Bf4 g5 5. Bg3 Bg7 6. Nf3 Nc6 7. Nc3 Ngxe5 8.
Nxe5 Nxe5 9. e3 d6 10. c5 dxc5 11. Qxd8+ Kxd8 12. O-O-O+ Bd7 13. Ne4 Ke7 14.
Nxg5 Bc6 15. Nh3 c4 16. Nf4 Rad8 17. Rxd8 Rxd8 18. Be2 Nd3+ 19. Bxd3 cxd3 20.
Rd1 d2+ 21. Rxd2 Rxd2 22. Kxd2 Bxb2 23. Nd3 1/2-1/2

[Event "4NCL/Div3/LIT2 vs. WWKS2"]
[Site "Sunningdale ENG"]
[Date "2008.10.19"]
[Round "2.4"]
[White "Stepanyan, Henrik"]
[Black "Jones, Christopher M"]
[Result "0-1"]
[WhiteElo "1975"]
[BlackElo "1947"]
[PlyCount "72"]
[EventDate "2008.10.19"]
[SourceDate "2008.10.04"]

1. c4 e5 2. Nc3 Nc6 3. e3 Bc5 4. Nf3 d6 5. d4 Bb4 6. Qc2 Nf6 7. d5 Bxc3+ 8.
bxc3 Ne7 9. e4 Nd7 10. Be3 b6 11. Bd3 Rb8 12. Rb1 O-O 13. O-O Nf6 14. Nd2 Ng6
15. h3 Nh5 16. Nf3 Nhf4 17. Bxf4 Nxf4 18. Kh2 f5 19. Rbe1 Nxd3 20. Qxd3 fxe4
21. Qxe4 Rf4 22. Qe2 Qf6 23. Nd2 Qh6 24. Ne4 Bd7 25. Qe3 Rbf8 26. Qg3 Bf5 27.
Nd2 Rf6 28. Rg1 Bxh3 29. gxh3 Rxf2+ 30. Kh1 Rxd2 31. Qg4 Rd3 32. h4 Rdf3 33.
Re4 R3f4 34. Rxf4 Rxf4 35. Qc8+ Rf8 36. Qg4 Qf6 0-1

[Event "4NCL/Div3/LIT2 vs. WWKS2"]
[Site "Sunningdale ENG"]
[Date "2008.10.19"]
[Round "2.5"]
[White "Jaszkiwskyj, Peter"]
[Black "Weaving, Richard"]
[Result "0-1"]
[WhiteElo "2020"]
[BlackElo "1950"]
[PlyCount "96"]
[EventDate "2008.10.19"]
[SourceDate "2008.10.04"]

1. d4 d5 2. c4 e6 3. Nc3 Nf6 4. Bg5 dxc4 5. e3 a6 6. a4 c5 7. dxc5 Qxd1+ 8.
Rxd1 Bxc5 9. Bxc4 Nbd7 10. Nf3 O-O 11. O-O b6 12. Rd2 h6 13. Bf4 Re8 14. Rfd1
Kf8 15. Bg3 Ke7 16. Nd4 Bb7 17. Nb3 Bb4 18. Bd6+ {=} Bxd6 19. Rxd6 Rac8 20. Bf1
Red8 21. R6d2 Rc7 22. g3 Rdc8 23. Bg2 Ne5 24. Bxb7 Rxb7 25. Kg2 Nc4 26. Rc2 Ng4
27. Rd3 Nge5 28. Rd4 Rbc7 29. Na1 b5 30. axb5 axb5 31. Nd1 Nc6 32. Rg4 g5 33.
Rgxc4 bxc4 34. Rxc4 Ne5 35. Ra4 Rb8 36. Kf1 Nd3 37. Ra2 Rcb7 38. b3 Nc1 39. Rb2
Nxb3 40. Nxb3 Rxb3 41. Rxb3 Rxb3 42. Ke2 Kd6 43. Kf3 f5 44. h3 e5 45. Kg2 Kd5
46. Kf3 h5 47. Ke2 Ra3 48. Kd2 Ke4 0-1

[Event "4NCL/Div3/LIT2 vs. WWKS2"]
[Site "Sunningdale ENG"]
[Date "2008.10.19"]
[Round "2.6"]
[White "Stepanyan, Astghik"]
[Black "Stokes, Paul"]
[Result "1-0"]
[WhiteElo "1775"]
[BlackElo "1975"]
[PlyCount "51"]
[EventDate "2008.10.19"]
[SourceDate "2008.10.04"]

1. d4 d5 2. c4 c6 3. Nc3 Nf6 4. Nf3 e6 5. Bg5 Nbd7 6. e3 Be7 7. Bd3 dxc4 8.
Bxc4 b5 9. Bd3 Bb7 10. O-O a6 11. Rc1 Rc8 12. Qe2 c5 13. Rfd1 cxd4 14. Nxd4 O-O
15. Bb1 b4 16. Na4 Qa5 17. Bxf6 Nxf6 18. Bc2 Rfd8 19. f3 Rc7 20. Nb3 Qxa4 21.
Bxh7+ Nxh7 22. Rxc7 Bxf3 23. Qxf3 Rxd1+ 24. Qxd1 Bf6 25. Rc8+ Nf8 26. Qd6 1-0

[Event "4NCL/Div3/GUI5 vs. MIN"]
[Site "Sunningdale ENG"]
[Date "2008.10.19"]
[Round "2.1"]
[White "Higgs, Anthony"]
[Black "Ackley, Peter"]
[Result "1/2-1/2"]
[WhiteElo "1995"]
[BlackElo "2112"]
[PlyCount "82"]
[EventDate "2008.10.19"]
[SourceDate "2008.10.04"]

1. Nf3 e6 2. d4 f5 3. g3 Nf6 4. Bg2 Be7 5. c4 O-O 6. Nc3 d6 7. O-O a5 8. Re1
Ne4 9. Qc2 Nxc3 10. bxc3 Nc6 11. d5 Ne5 12. Nxe5 dxe5 13. Rb1 Bc5 14. Be3 Bxe3
15. fxe3 e4 16. Red1 Qg5 17. Qd2 Rd8 18. Qd4 Ra6 19. Qc5 Rad6 20. Kf2 c6 21.
Qxa5 exd5 22. cxd5 Rxd5 23. Rxd5 Rxd5 24. Qa8 Rd8 25. Qa5 Qf6 26. Qb4 Qd6 27.
Qd4 Qe7 28. Qb6 Rd7 29. Rb4 Rc7 30. Rd4 Be6 31. Qb2 Rd7 32. a4 Qf7 33. Qb4 Rxd4
34. exd4 g5 35. Ke1 Bd5 36. Qd6 Kg7 37. Qe5+ Kg6 38. Qd6+ Qf6 39. Qxf6+ Kxf6
40. a5 g4 41. e3 Ke6 1/2-1/2

[Event "4NCL/Div3/GUI5 vs. MIN"]
[Site "Sunningdale ENG"]
[Date "2008.10.19"]
[Round "2.2"]
[White "Parker, Robert"]
[Black "Gibbs, Daniel"]
[Result "1/2-1/2"]
[WhiteElo "2092"]
[BlackElo "1925"]
[PlyCount "20"]
[EventDate "2008.10.19"]
[SourceDate "2008.10.04"]

1. d4 g6 2. c4 Bg7 3. Nc3 d6 4. Nf3 Bg4 5. h3 Bxf3 6. gxf3 c5 7. d5 a6 8. a4 e5
9. Qb3 Nd7 10. Qxb7 Rb8 1/2-1/2

[Event "4NCL/Div3/GUI5 vs. MIN"]
[Site "Sunningdale ENG"]
[Date "2008.10.19"]
[Round "2.3"]
[White "Deswarte, Ian"]
[Black "Edwards, Ray B"]
[Result "1-0"]
[WhiteElo "1950"]
[BlackElo "2099"]
[PlyCount "67"]
[EventDate "2008.10.19"]
[SourceDate "2008.10.04"]

1. e4 c6 2. d4 d5 3. e5 Bf5 4. Nc3 e6 5. g4 Bg6 6. Nge2 Nd7 7. Nf4 Ne7 8. h4 h5
9. Nxg6 Nxg6 10. g5 Ne7 11. Bd3 g6 12. Be3 Nf5 13. Bxf5 exf5 14. Ne2 Be7 15.
Nf4 Nf8 16. Qd3 Qd7 17. O-O-O Ne6 18. c4 Nxf4 19. Bxf4 O-O 20. Kb1 Rfd8 21.
Rhe1 Qe6 22. cxd5 Rxd5 23. Qb3 Rd7 24. Qa4 b6 25. Be3 Rad8 26. f4 Qd5 27. Bd2
Qxd4 28. Qb3 Qd3+ 29. Qxd3 Rxd3 30. Kc2 Bc5 31. e6 fxe6 32. Rxe6 R3d6 33. Ree1
Rxd2+ 34. Rxd2 {The game score is correct. Of course, Black is winning after
34...Rxd2+ followed by 35...Bb4+, but unfortunately he picked up the bishop
first...} 1-0

[Event "4NCL/Div3/GUI5 vs. MIN"]
[Site "Sunningdale ENG"]
[Date "2008.10.19"]
[Round "2.4"]
[White "Hawkins, Nick"]
[Black "Quinn, Joseph"]
[Result "1-0"]
[WhiteElo "2013"]
[BlackElo "1846"]
[PlyCount "81"]
[EventDate "2008.10.19"]
[SourceDate "2008.10.04"]

1. e4 e5 2. Nf3 Nc6 3. Nc3 Nf6 4. d4 exd4 5. Nxd4 Bb4 6. Nxc6 bxc6 7. Bd3 d5 8.
exd5 cxd5 9. O-O O-O 10. Bg5 c6 11. Qf3 Be7 12. h3 Re8 13. Rfe1 Bd7 14. Rad1
Rb8 15. b3 Be6 16. Ne2 Nd7 17. Bxe7 Rxe7 18. Nd4 Rc8 19. Qe3 Re8 20. Qd2 Qf6
21. Ba6 Rc7 22. Qa5 Nb6 23. c4 dxc4 24. Bxc4 Rd7 25. Nxe6 Rxd1 26. Rxd1 Nxc4
27. bxc4 Qxe6 28. Rd8 Kf8 29. Qc5+ Qe7 30. Rxe8+ Kxe8 31. Qxc6+ Qd7 32. Qxd7+
Kxd7 33. Kf1 Kc6 34. Ke2 Kc5 35. Kd3 f6 36. g3 h6 37. f4 f5 38. h4 g6 39. Kc3
a6 40. a3 a5 41. Kd3 1-0

[Event "4NCL/Div3/GUI5 vs. MIN"]
[Site "Sunningdale ENG"]
[Date "2008.10.19"]
[Round "2.6"]
[White "Twitchell, Neville H"]
[Black "Albrecht, Theo"]
[Result "1-0"]
[WhiteElo "1983"]
[BlackElo "1840"]
[PlyCount "59"]
[EventDate "2008.10.19"]
[SourceDate "2008.10.04"]

1. e4 d6 2. d4 Nf6 3. Nc3 Nbd7 4. f4 e5 5. dxe5 dxe5 6. fxe5 Nxe5 7. Qxd8+ Kxd8
8. Bg5 Be7 9. O-O-O+ Bd7 10. Nf3 Nxf3 11. gxf3 c6 12. Bxf6 Bxf6 13. Bh3 Bxc3
14. bxc3 Rb8 15. Rxd7+ Ke8 16. Rhd1 h5 17. Rc7 Rh6 18. Bc8 b6 19. Bb7 c5 20. e5
Re6 21. f4 Re7 22. Bc6+ Kf8 23. Rdd7 Rxd7 24. Rxd7 a6 25. Bd5 f6 26. Rf7+ Ke8
27. Rxg7 Rd8 28. Rg8+ Ke7 29. exf6+ Kd7 30. f7 1-0

[Event "4NCL/Div3/NOTT1 vs. OXF3"]
[Site "Sunningdale ENG"]
[Date "2008.10.19"]
[Round "2.1"]
[White "Tournier, Mathieu"]
[Black "Zhang, Marco"]
[Result "1-0"]
[WhiteElo "2268"]
[BlackElo "1975"]
[PlyCount "69"]
[EventDate "2008.10.19"]
[SourceDate "2008.10.04"]

1. e4 c5 2. c3 Nf6 3. e5 Nd5 4. d4 cxd4 5. Nf3 Nc6 6. Bc4 Nb6 7. Bb3 e6 8. cxd4
d5 9. Nc3 Be7 10. h4 f6 11. Bf4 Bd7 12. h5 O-O 13. Bc2 Nc4 14. exf6 Bxf6 15.
Qd3 Qb6 16. Qxh7+ Kf7 17. O-O Nxd4 18. Nxd4 Qxd4 19. Ne2 Qb6 20. h6 Rg8 21.
Qg6+ Ke7 22. h7 Rh8 23. Bg5 Bxg5 24. Qxg5+ Kd6 25. Rab1 Raf8 26. Nf4 Nd2 27.
Ng6 Nxb1 28. Qe7+ Kc7 29. Nxf8 Qd6 30. Qxd7+ Qxd7 31. Nxd7 Na3 32. bxa3 Kxd7
33. f4 Kd6 34. Re1 a6 35. g4 1-0

[Event "4NCL/Div3/NOTT1 vs. OXF3"]
[Site "Sunningdale ENG"]
[Date "2008.10.19"]
[Round "2.2"]
[White "Harvey, Marcus R"]
[Black "Walker, Andrew N"]
[Result "0-1"]
[WhiteElo "1905"]
[BlackElo "2070"]
[PlyCount "86"]
[EventDate "2008.10.19"]
[SourceDate "2008.10.04"]

1. e4 e5 2. Nf3 Nc6 3. d4 exd4 4. Bc4 Bc5 5. O-O d6 6. h3 Nf6 7. Bg5 h6 8. Bh4
O-O 9. Nbd2 Re8 10. Re1 Ne5 11. Bd3 Ng6 12. Bg3 Nh5 13. Bh2 Nhf4 14. Nb3 Bb6
15. Nbxd4 Qf6 16. c3 Ne5 17. Bxf4 Nxd3 18. Qxd3 Qxf4 19. Qd2 Qxd2 20. Nxd2 Be6
21. f4 Re7 22. Re2 Rae8 23. Kh2 Bd7 24. Rae1 c5 25. N4f3 Bc6 26. Nh4 Bd7 27.
Nc4 Bc7 28. g3 Bb5 29. b3 d5 30. Nf5 Re6 31. a4 Ba6 32. Nce3 Rxe4 33. Rd2 d4
34. cxd4 Ba5 35. Red1 Bxd2 36. Rxd2 cxd4 37. Ng2 d3 38. Rd1 Rd8 39. Kg1 d2 40.
Kf2 Be2 41. Nfe3 Bxd1 42. Nxd1 Rd3 43. f5 Rxb3 0-1

[Event "4NCL/Div3/NOTT1 vs. OXF3"]
[Site "Sunningdale ENG"]
[Date "2008.10.19"]
[Round "2.3"]
[White "Levens, David"]
[Black "Lai, Yi Ming"]
[Result "1-0"]
[WhiteElo "2005"]
[BlackElo "1835"]
[PlyCount "47"]
[EventDate "2008.10.19"]
[SourceDate "2008.10.04"]

1. e4 e5 2. Nf3 Nf6 3. Nxe5 d6 4. Nxf7 Kxf7 5. Nc3 Be6 6. d4 Be7 7. f4 Re8 8.
f5 Bc8 9. Bc4+ Kf8 10. O-O Nc6 11. g4 Nxe4 12. Nxe4 d5 13. f6 Bxf6 14. Nxf6
gxf6 15. Bh6+ Kf7 16. Bd3 Bxg4 17. Qxg4 Rg8 18. Bg5 Rg7 19. Bxh7 Qd6 20. Qh5+
Kf8 21. Qh6 Qd7 22. Rxf6+ Ke8 23. Bg6+ Rxg6 24. Qxg6+ 1-0

[Event "4NCL/Div3/NOTT1 vs. OXF3"]
[Site "Sunningdale ENG"]
[Date "2008.10.19"]
[Round "2.4"]
[White "Wang, Maria"]
[Black "Kingston, Ian"]
[Result "1/2-1/2"]
[WhiteElo "1845"]
[BlackElo "2002"]
[PlyCount "64"]
[EventDate "2008.10.19"]
[SourceDate "2008.10.04"]

1. e4 e5 2. Nf3 Nc6 3. d4 exd4 4. Nxd4 Bb4+ 5. c3 Bc5 6. Be3 Bb6 7. Nf5 Bxe3 8.
Nxe3 Nf6 9. Bd3 O-O 10. O-O d6 11. Nd2 Re8 12. f3 d5 13. Re1 d4 14. cxd4 Qxd4
15. Nb3 Qb6 16. Kh1 Be6 17. Bc4 Rad8 18. Qe2 Bxc4 19. Qxc4 Ne5 20. Qe2 a5 21.
Rad1 c6 22. g3 a4 23. Nc1 Qb4 24. a3 Qc5 25. Nd3 Nxd3 26. Rxd3 Qa5 27. Red1 h6
28. Nc4 Qc7 29. Nd6 Rf8 30. Qc2 Ra8 31. Rd4 Qb6 32. Nf5 Ra5 1/2-1/2

[Event "4NCL/Div3/NOTT1 vs. OXF3"]
[Site "Sunningdale ENG"]
[Date "2008.10.19"]
[Round "2.5"]
[White "Jones, Mark"]
[Black "Henbest, Kevin B"]
[Result "1-0"]
[WhiteElo "2015"]
[BlackElo "1795"]
[PlyCount "79"]
[EventDate "2008.10.19"]
[SourceDate "2008.10.04"]

1. e4 c5 2. Nf3 d6 3. d4 cxd4 4. Nxd4 Nf6 5. Nc3 a6 6. f4 e5 7. Nf3 Qc7 8. a4
Be6 9. Bd3 Be7 10. O-O O-O 11. Qe2 Nbd7 12. f5 Bxf5 13. exf5 d5 14. Bg5 Bc5+
15. Kh1 e4 16. Bxe4 dxe4 17. Nxe4 Nxe4 18. Qxe4 Rfe8 19. Qh4 f6 20. Qc4+ Kh8
21. Bf4 Ne5 22. Bxe5 fxe5 23. Ng5 Re7 24. Ne6 Qc6 25. Nxc5 b6 26. b4 bxc5 27.
b5 Qc8 28. b6 e4 29. a5 e3 30. Rae1 Qc6 31. Rf3 Rae8 32. Qxa6 c4 33. Rf4 Re4
34. Rxe4 Qxe4 35. b7 e2 36. Qb5 Rb8 37. a6 Qf4 38. Qb1 Qf2 39. Rxe2 Qxe2 40. a7
1-0

[Event "4NCL/Div3/NOTT1 vs. OXF3"]
[Site "Sunningdale ENG"]
[Date "2008.10.19"]
[Round "2.6"]
[White "Wang, Anna"]
[Black "Taylor, Robert P"]
[Result "0-1"]
[WhiteElo "1680"]
[BlackElo "1944"]
[PlyCount "70"]
[EventDate "2008.10.19"]
[SourceDate "2008.10.04"]

1. e4 e5 2. Nf3 d6 3. d4 Nf6 4. Nc3 Bg4 5. Be2 Nbd7 6. O-O Be7 7. Be3 c6 8. Qd2
Qc7 9. Rfc1 Rd8 10. a3 O-O 11. b4 Rfe8 12. Ng5 Bxe2 13. Qxe2 h6 14. Nf3 a6 15.
Qd3 exd4 16. Nxd4 Ne5 17. Qe2 d5 18. f4 Nc4 19. e5 Nxe3 20. Qxe3 Ng4 21. Qg3 h5
22. Nf5 g6 23. Nh4 Qb6+ 24. Kf1 Bxh4 25. Qxh4 Qd4 26. Qg3 Nxh2+ 27. Ke1 Ng4 28.
Rd1 Qe3+ 29. Qxe3 Nxe3 30. Rd2 f6 31. Kf2 Ng4+ 32. Kf3 fxe5 33. fxe5 Rxe5 34.
Rd4 Rf8+ 35. Rf4 Re3# 0-1

[Event "4NCL/Div3/HAL vs. KJCAK"]
[Site "Sunningdale ENG"]
[Date "2008.10.19"]
[Round "2.1"]
[White "Brockbank, Henry"]
[Black "Jones, William"]
[Result "1/2-1/2"]
[WhiteElo "2100"]
[BlackElo "2010"]
[PlyCount "37"]
[EventDate "2008.10.19"]
[SourceDate "2008.10.04"]

1. c4 Nf6 2. Nc3 g6 3. e4 d6 4. d4 Bg7 5. Be2 O-O 6. Bg5 h6 7. Be3 c5 8. e5
Nfd7 9. exd6 exd6 10. Nf3 Nc6 11. Qd2 Kh7 12. O-O b6 13. h3 Nf6 14. Rad1 Bf5
15. Bd3 Ne7 16. Nh4 Bxd3 17. Qxd3 Nc6 18. Nf3 Re8 19. Rfe1 1/2-1/2

[Event "4NCL/Div3/HAL vs. KJCAK"]
[Site "Sunningdale ENG"]
[Date "2008.10.19"]
[Round "2.2"]
[White "Jones, Victor"]
[Black "Lee, Darren"]
[Result "1-0"]
[WhiteElo "1991"]
[BlackElo "1950"]
[PlyCount "113"]
[EventDate "2008.10.19"]
[SourceDate "2008.10.04"]

1. e4 e5 2. Nf3 Nc6 3. Bb5 a6 4. Ba4 Nf6 5. O-O Be7 6. Re1 b5 7. Bb3 d6 8. c3
O-O 9. h3 Bb7 10. d4 Re8 11. Nbd2 Bf8 12. d5 Nb8 13. Nf1 Nbd7 14. N3h2 Nc5 15.
Bc2 h6 16. Ng4 Nxg4 17. Qxg4 g6 18. Ne3 Kh7 19. Bd2 Bg7 20. b4 Nd7 21. Bb3 Nf6
22. Qf3 Qe7 23. c4 c6 24. dxc6 Bxc6 25. Nd5 Bxd5 26. cxd5 Rac8 27. a4 Rc7 28.
axb5 axb5 29. Qd3 Rb8 30. Ra5 Qd7 31. Rc1 Ne8 32. Rxc7 Nxc7 33. Ra7 Qc8 34. Qc3
Rb7 35. Rxb7 Qxb7 36. Qc6 Qxc6 37. dxc6 f5 38. Be3 Bf6 39. Bb6 Bd8 40. Bxc7
Bxc7 41. Kf1 Kg7 42. exf5 gxf5 43. Be6 Kf6 44. Bc8 d5 45. Ba6 Ke7 46. Bxb5 d4 {
=} 47. g4 Kf6 48. f3 fxg4 49. hxg4 Kg5 50. Ke2 Kf4 51. Bd3 Bb6 52. Be4 Kg5 53.
Kd3 Kf6 54. Kc4 Ke6 55. Kb5 Bd8 56. Ka6 Kd6 57. Kb7 1-0

[Event "4NCL/Div3/HAL vs. KJCAK"]
[Site "Sunningdale ENG"]
[Date "2008.10.19"]
[Round "2.3"]
[White "Peck, Windsor W"]
[Black "Bayliss, Lyall C P"]
[Result "0-1"]
[WhiteElo "1845"]
[BlackElo "1965"]
[PlyCount "128"]
[EventDate "2008.10.19"]
[SourceDate "2008.10.04"]

1. d4 Nf6 2. Nf3 g6 3. Nc3 d5 4. Bf4 Bg7 5. e3 O-O 6. Be2 Nbd7 7. Ne5 Nxe5 8.
Bxe5 a6 9. g4 h6 10. h4 Nh7 11. Bxg7 Kxg7 12. f4 Qd6 13. Bd3 c6 14. Qd2 b5 15.
O-O-O a5 16. Qg2 a4 17. Qd2 Bd7 18. Rhg1 Rfb8 19. Nb1 b4 20. c3 bxc3 21. Qxc3
Rb4 22. Na3 Rab8 23. Rd2 Nf6 24. g5 hxg5 25. hxg5 Ne4 26. Bxe4 dxe4 27. d5+ f6
28. dxc6 Qxc6 29. Qxc6 Bxc6 30. gxf6+ exf6 31. Rdg2 Be8 32. Rc2 Bf7 33. Kb1 Rd8
34. Re1 Rd3 35. Ka1 f5 36. Nb1 Kf6 37. Rc3 {=} Rxc3 38. Nxc3 g5 39. fxg5+ Kxg5
40. Rg1+ Kh4 41. a3 Rc4 42. Kb1 Bh5 43. Nd5 Rc6 44. Nf4 Bg4 45. Rg2 Rc5 46.
Ng6+ Kg5 47. Nf4 Kf6 48. Rc2 Rb5 49. Kc1 Kg5 50. Kd2 Rb3 51. Ne6+ Kh4 52. Nc5
Rb5 53. Ke1 Kg3 54. Nxa4 Rd5 55. Rd2 Ra5 {=} 56. Nb6 Rc5 57. Rd4 Rc2 58. Nc4
Re2+ 59. Kf1 Kf3 60. Ne5+ Kxe3 61. Nxg4+ Kxd4 62. Kxe2 fxg4 63. a4 e3 64. a5 g3
0-1

[Event "4NCL/Div3/HAL vs. KJCAK"]
[Site "Sunningdale ENG"]
[Date "2008.10.19"]
[Round "2.4"]
[White "Lunn, Matt"]
[Black "Llewelyn, John D"]
[Result "1-0"]
[WhiteElo "1874"]
[BlackElo "1815"]
[PlyCount "63"]
[EventDate "2008.10.19"]
[SourceDate "2008.10.04"]

1. d4 Nf6 2. c4 g6 3. Nc3 Bg7 4. e4 d6 5. Nf3 O-O 6. Be2 e5 7. O-O Nc6 8. d5
Ne7 9. b4 Nd7 10. Re1 f5 11. Ng5 Nf6 12. Bf3 h6 13. Ne6 Bxe6 14. dxe6 Qc8 15.
Nd5 Nfxd5 16. cxd5 b5 17. Bb2 a5 18. bxa5 Rxa5 19. Qb3 Qb7 {=} 20. Bc3 Raa8 21.
a4 Rfb8 22. Reb1 fxe4 23. Bxe4 Qb6 24. Qxb5 Qxb5 {=} 25. Rxb5 Rxb5 26. axb5 Rb8
27. Rb1 Bf6 28. g3 g5 29. Ba5 Rb7 30. b6 Nc8 {=} 31. bxc7 Rxb1+ 32. Bxb1 1-0

[Event "4NCL/Div3/HAL vs. KJCAK"]
[Site "Sunningdale ENG"]
[Date "2008.10.19"]
[Round "2.5"]
[White "Pitt, Christopher"]
[Black "Maguire, Robert"]
[Result "0-1"]
[WhiteElo "1780"]
[BlackElo "1710"]
[PlyCount "66"]
[EventDate "2008.10.19"]
[SourceDate "2008.10.04"]

1. e4 e5 2. Nf3 Nc6 3. Bb5 a6 4. Ba4 Nf6 5. d3 d6 6. c3 b5 7. Bc2 Be7 8. Nbd2
O-O 9. Nf1 Na7 10. Ne3 c5 11. O-O Nc6 12. a4 Rb8 13. Qe2 Be6 14. Ng5 Bd7 15. f4
exf4 16. Rxf4 Ne5 17. Rf1 Nfg4 18. Nxg4 Bxg4 19. Qe3 Bxg5 20. Qxg5 Be2 21. Rf2
Bxd3 22. Qd2 c4 23. axb5 axb5 24. b3 Qb6 25. Qe3 Qxe3 26. Bxe3 Bxc2 27. Rxc2
cxb3 28. Rf2 Nc4 29. Rf3 b2 30. Rb1 Ra8 31. Bf4 Ra1 32. Rff1 Rxb1 33. Rxb1 Ra8
0-1

[Event "4NCL/Div3/HAL vs. KJCAK"]
[Site "Sunningdale ENG"]
[Date "2008.10.19"]
[Round "2.6"]
[White "Gahir, Jasdeep"]
[Black "Payne, Louis"]
[Result "1-0"]
[WhiteElo "1785"]
[BlackElo "1460"]
[PlyCount "41"]
[EventDate "2008.10.19"]
[SourceDate "2008.10.04"]

1. e4 c5 2. Nc3 d6 3. f4 f5 4. d3 Nc6 5. Nf3 Nf6 6. Be2 g6 7. O-O Bg7 8. h3 O-O
9. Be3 Bd7 10. Nh4 e6 11. Nf3 a6 12. e5 Nd5 13. Nxd5 exd5 14. exd6 d4 15. Bd2
Qf6 16. c3 Qxd6 17. Ng5 Rfe8 18. Bf3 h6 19. Qb3+ Be6 20. Nxe6 Qxe6 21. Bd5 1-0

[Event "4NCL/Div3/SCS vs. NOTT2"]
[Site "Sunningdale ENG"]
[Date "2008.10.19"]
[Round "2.1"]
[White "Haydon, David"]
[Black "Thompson, Brian"]
[Result "1/2-1/2"]
[WhiteElo "2148"]
[BlackElo "1935"]
[PlyCount "44"]
[EventDate "2008.10.19"]
[SourceDate "2008.10.04"]

1. d4 Nf6 2. Bg5 g6 3. Bxf6 exf6 4. e3 d5 5. g3 Be6 6. Bg2 f5 7. Ne2 Nd7 8. c4
Nf6 9. Nbc3 c6 10. Nf4 Bh6 11. cxd5 cxd5 12. Nd3 Ne4 13. Rc1 O-O 14. Nc5 b6 15.
N3xe4 fxe4 16. Nxe6 fxe6 17. Bh3 Qd6 18. Qa4 Rxf2 19. Kxf2 Qf8+ 20. Bf5 Qxf5+
21. Kg2 Qf3+ 22. Kh3 Qh5+ 1/2-1/2

[Event "4NCL/Div3/SCS vs. NOTT2"]
[Site "Sunningdale ENG"]
[Date "2008.10.19"]
[Round "2.2"]
[White "Graham, Neil"]
[Black "Heard, Andrew H"]
[Result "1/2-1/2"]
[WhiteElo "1925"]
[BlackElo "1975"]
[PlyCount "40"]
[EventDate "2008.10.19"]
[SourceDate "2008.10.04"]

1. d4 Nf6 2. f3 d5 3. e4 dxe4 4. Nc3 exf3 5. Nxf3 g6 6. Bc4 Bg7 7. O-O O-O 8.
Be3 c6 9. Qd2 Nbd7 10. Rad1 Nb6 11. Bb3 Nbd5 12. Nxd5 cxd5 13. Bh6 Bg4 14. Rde1
Bxf3 15. Rxf3 e6 16. Bxg7 Kxg7 17. Ref1 {=} Ne4 18. Qf4 Rc8 19. Re1 Qc7 20. Qh4
Qd8 1/2-1/2

[Event "4NCL/Div3/SCS vs. NOTT2"]
[Site "Sunningdale ENG"]
[Date "2008.10.19"]
[Round "2.3"]
[White "Clarke, Sean A"]
[Black "Cranmer, Stan"]
[Result "0-1"]
[WhiteElo "1885"]
[BlackElo "1890"]
[PlyCount "111"]
[EventDate "2008.10.19"]
[SourceDate "2008.10.04"]

1. Nf3 d5 2. d4 Nf6 3. Bg5 Nbd7 4. Nbd2 g6 5. c4 c6 6. e3 Bg7 7. Qc2 O-O 8. Be2
Re8 9. Rd1 e5 10. dxe5 Nxe5 11. Nxe5 Rxe5 12. Nf3 Qa5+ 13. Qd2 Qxd2+ 14. Rxd2
Ne4 15. Rc2 Rxg5 16. Nxg5 Nxg5 17. b3 Bf5 18. Rc1 Bb2 19. Rd1 Bc2 20. O-O Bxd1
21. Rxd1 Rd8 22. h4 Ne4 23. Bf3 f5 24. g4 Bf6 25. g5 Be7 26. cxd5 Nc3 27. Rd2
Nxd5 28. e4 fxe4 29. Bxe4 Nc3 30. Bd3 b5 31. a4 a6 32. axb5 cxb5 33. Kf1 Kf8
34. Kg2 Ne4 35. Rd1 Nc5 36. Bc2 Rxd1 37. Bxd1 a5 38. Kf3 a4 39. bxa4 bxa4 40.
Bc2 a3 41. Bb1 Na4 42. Ba2 Nc3 43. Bb3 a2 44. Bxa2 Nxa2 45. Ke4 Bc5 46. Kf3 Nc3
47. Kg2 Bd6 48. Kf3 Kf7 49. Kg4 Ne2 50. h5 Nf4 51. hxg6+ hxg6 52. f3 Ke6 53.
Kg3 Kf5 54. Kh4 Nd3 55. Kh3 Kxg5 56. Kg2 0-1

[Event "4NCL/Div3/SCS vs. NOTT2"]
[Site "Sunningdale ENG"]
[Date "2008.10.19"]
[Round "2.4"]
[White "Hill, Maurice J"]
[Black "Lutton, J Arnold"]
[Result "0-1"]
[WhiteElo "1870"]
[BlackElo "1874"]
[PlyCount "84"]
[EventDate "2008.10.19"]
[SourceDate "2008.10.04"]

1. g3 e6 2. Bg2 Be7 3. c4 c6 4. Nf3 Nf6 5. b3 d5 6. Bb2 Nbd7 7. O-O Nc5 8. d3
O-O 9. Nbd2 b6 10. b4 Ncd7 11. a3 Bb7 12. Rc1 Rc8 13. e4 Ng4 14. h3 Bf6 15. d4
Nh6 16. e5 Be7 17. Re1 Nf5 18. g4 Nh4 19. Nxh4 Bxh4 20. Rf1 a6 21. f4 f5 22.
Rc3 h6 23. Bc1 Rf7 24. Nf3 Be7 25. c5 a5 26. Rf2 Ba6 27. bxa5 bxc5 28. Rfc2
Qxa5 29. gxf5 Rxf5 30. h4 Rf7 31. Bh3 Nf8 32. dxc5 Bc4 33. Be3 Bxc5 34. Qc1 Qa7
35. Bxc5 Qxc5+ 36. Kg2 Rb8 37. Nd2 Rfb7 38. Nxc4 dxc4 39. Rxc4 Qd5+ 40. Kg3 Rb1
41. Qd2 R8b3+ 42. R4c3 Qxd2 0-1

[Event "4NCL/Div3/SCS vs. NOTT2"]
[Site "Sunningdale ENG"]
[Date "2008.10.19"]
[Round "2.5"]
[White "Bogoda, Sagara T"]
[Black "Myers, Richard"]
[Result "1-0"]
[WhiteElo "1870"]
[BlackElo "1840"]
[PlyCount "35"]
[EventDate "2008.10.19"]
[SourceDate "2008.10.04"]

1. d4 d5 2. c4 e5 3. dxe5 d4 4. Nf3 Nc6 5. g3 Be6 6. Bg2 Bxc4 7. O-O Qd7 8.
Nbd2 Be6 9. Nb3 O-O-O 10. Bf4 Bh3 11. e6 Bxe6 12. Rc1 d3 13. Ne5 dxe2 14. Qxe2
Nxe5 15. Bxe5 c6 16. Bxc6 bxc6 17. Qa6+ Qb7 18. Rxc6+ 1-0

[Event "4NCL/Div3/SCS vs. NOTT2"]
[Site "Sunningdale ENG"]
[Date "2008.10.19"]
[Round "2.6"]
[White "Willoughby, Robert"]
[Black "Scarry, Herbert"]
[Result "1-0"]
[WhiteElo "1810"]
[BlackElo "1823"]
[PlyCount "73"]
[EventDate "2008.10.19"]
[SourceDate "2008.10.04"]

1. d4 d5 2. c4 c6 3. Nf3 Nf6 4. Nc3 dxc4 5. a4 Bf5 6. e3 e6 7. Bxc4 Bb4 8. O-O
Nbd7 9. Qe2 Bg6 10. Na2 Bd6 11. Nc3 O-O 12. e4 e5 13. Bg5 Qc7 14. d5 h6 15. Bh4
Bh5 16. Rac1 g5 17. Bg3 Qd8 18. Rfd1 Qe7 19. Qd3 Nc5 20. Qe3 cxd5 21. Bxd5 Rfd8
22. h4 Bxf3 23. Qxf3 Ne6 {=} 24. hxg5 Nxg5 25. Qf5 Kg7 26. Bh4 Nxd5 27. Nxd5
Nf3+ 28. Qxf3 Qxh4 29. Ne3 Qf6 30. Nf5+ Kf8 31. Qh5 Be7 32. Nxh6 Rxd1+ 33. Rxd1
Bc5 34. Ng4 Qg7 35. Nxe5 b6 36. Nd7+ Kg8 37. Rd3 1-0